| 000 | 01252nam a2200289Ia 4500 | ||
|---|---|---|---|
| 003 | OSt | ||
| 005 | 20221002043758.0 | ||
| 006 | a|||||r|||| 00| 0 | ||
| 007 | ta | ||
| 008 | 220930b |||||||| |||| 00| 0 hin d | ||
| 020 |
_a8170162599 (hbk (Set)) _c3985 |
||
| 024 | _a99711 | ||
| 037 |
_b417, 23/03/2010, Swaraj Prakashan _cReference Collections |
||
| 040 |
_aCRL _cCRL _bhin |
||
| 041 |
_2hin _ahin |
||
| 082 | _aO152,6M64x, N5;P7.1-.7(RR_ | ||
| 100 | _aद्विवेदी, महावीरप्रसाद | ||
| 245 | 0 | _aमहावीरप्रसाद द्विवेदी रचनावली | |
| 250 | _aद्वितीय संस्करण | ||
| 260 |
_aनयी _bदिल्ली किताबघर प्रकाशन _c2007 |
||
| 490 | _vखण्ड 1 | ||
| 650 | _a हिन्दी साहित्य | ||
| 650 | _aहिन्दी निबंध | ||
| 700 | _a यायावर, भारत, संपा. | ||
| 942 |
_hO152,6M64x, N5;P7.1-.7(RR_ _cref _2CC |
||
| 999 |
_c908894 _d908894 |
||